| 000 | 00591cam a2200181 4500 | ||
|---|---|---|---|
| 001 | 8622 | ||
| 005 | 20230410121056.0 | ||
| 008 | 060907n1998 dr spa | ||
| 020 | _a9968778184 | ||
| 035 | _9funglode8693 | ||
| 041 | _aES | ||
| 050 | 1 | 4 | _aJL 968 E37 1998 |
| 245 | 0 |
_aElecciones y democracia en América Latina 1992-96 : _burnas y desencanto político / _cJuan Rial, Daniel Zovatto G., editores |
|
| 260 |
_aSan José : _bInstituto Interamericano de Derechos Humanos (IIDH), _c1998 |
||
| 300 | _axlix, 826 p. | ||
| 700 | _aRial, Juan \ Zovatto G., Daniel | ||
| 942 |
_2lcc _cbk |
||
| 999 |
_c57468 _d57468 |
||